000 00889cam a22002651 4500
001 rc 01002011
003 DLC
005 20260227111905.0
007 cr |||||||||||
008 791130s1874 iluc 000 0 eng
010 _arc 01002011
035 _a(OCoLC)5748009
040 _aDLC
_cIDeKN
_dOCoLC
_dDLC
043 _an-us-il
050 0 0 _aF544
_b.M43
100 1 _aMatson, N.
_q(Nehemiah),
_d1816-1883.
245 1 0 _aFrench and Indians of Illinois River,
_cby N. Mason.
260 _aPrinceton, Ill.,
_bRepublican Job Printing Establishment,
_c1874.
300 _a4 p. l., [13]-260 p.
_bfront. (port.)
_c18 cm.
530 _aAlso available in digital form on the Library of Congress Web site.
651 0 _aIllinois
_xHistory.
650 0 _aIndians of North America
_zIllinois.
650 0 _aFrench
_zIllinois.
856 4 1 _dgcfr
_f0012
_qs
_uhttp://hdl.loc.gov/loc.gdc/gcfr.0012
999 _c52224
_d52224